The KANU CODE OF DISCIPLINE 1986 (Record no. 1799)

MARC details
000 -LEADER
fixed length control field 00249nam a22001097a 4500
008 - FIXED-LENGTH DATA ELEMENTS--GENERAL INFORMATION
fixed length control field 230620b xxu||||| |||| 00| 0 eng d
082 ## - DEWEY DECIMAL CLASSIFICATION NUMBER
Classification number 324.26
Item number KANU
100 ## - MAIN ENTRY--PERSONAL NAME
Titles and words associated with a name KANU
245 ## - TITLE STATEMENT
Title The KANU CODE OF DISCIPLINE 1986
300 ## - PHYSICAL DESCRIPTION
Extent 15P
942 ## - ADDED ENTRY ELEMENTS (KOHA)
Source of classification or shelving scheme Dewey Decimal Classification
Koha item type Books
Holdings
Withdrawn status Lost status Source of classification or shelving scheme Damaged status Not for loan Home library Current library Date acquired Total Checkouts Full call number Barcode Date last seen Price effective from Koha item type
    Dewey Decimal Classification     Bunge Tower Library Bunge Tower Library 06/20/2023   324.26 KANU 10013154 06/20/2023 06/20/2023 Books
    Dewey Decimal Classification     Bunge Tower Library Bunge Tower Library 06/20/2023   324.26 KANU 100013155 06/20/2023 06/20/2023 Books
LIBRARY OPENING HOURS

When the Parliament is sitting: 8.00a.m - 7.00p.m or until the house adjourns
Mondays and Fridays and when the House is on Recess:  8.00a.m - 5.00p.m
Closed on Weekends and Public Holidays

Online Public Access Catalog (OPAC)
Website: http://www.parliament.go.ke
Bunge Library: https://libraryir.parliament.go.ke
Contact: library@parliament.go.ke | Tel no: (254-2)2221291 or 2848000 Ext 5043